| 000 | 00633nam a2200181 a 4500 | ||
|---|---|---|---|
| 001 | 000034877 | ||
| 005 | 20200930073947.0 | ||
| 008 | 111021s19uu ve 000 0 spa d | ||
| 040 |
_aDO-SdBNP _bspa _cBNPHU |
||
| 082 |
_axxxx _bB942c |
||
| 100 | 1 |
_aBunge, Mario _931145 |
|
| 245 | 1 | 3 |
_aLa ciencia-el metodo cientifico. / _cMario Bunge. |
| 260 |
_a[San Cristóbal, Venezuela] : _bTipografía Central, _c[19--?]. |
||
| 300 |
_a52 p. ; _c22 cm. |
||
| 490 | 1 |
_aCuaderno de la Universidad San Cristóbal, Venezuela. _aFilosofía _v6 |
|
| 830 | 0 |
_aCuaderno de la Universidad San Cristóbal, Venezuela. _pFilosofía _v6 _960431 |
|
| 049 | _aBNGR | ||
| 999 |
_c34368 _d34368 |
||